000
00260nam a2200109Ia 4500
008
220216s9999 xx 000 0 und d
245
0
_a
Raathri tapping pareekshichalo ?
260
_b
Karshakasree
_c
2020
300
_a
44
650
_a
Night tapping
942
_c
JS
999
_c
66232
_d
66232